Historia del arte. / (Registro nro. 41823)
[ vista simple ]
| 000 -CABECERA | |
|---|---|
| campo de control de longitud fija | 00679nam a2200205 a 4500 |
| 001 - NÚMERO DE CONTROL | |
| campo de control | 000042334 |
| 005 - FECHA Y HORA DE LA ÚLTIMA TRANSACCIÓN | |
| campo de control | 20201002040103.0 |
| 008 - DATOS DE LONGITUD FIJA--INFORMACIÓN GENERAL | |
| campo de control de longitud fija | 131126s1966 sp c e 000 0 spa d |
| 040 ## - FUENTE DE LA CATALOGACIÓN | |
| Centro catalogador/agencia de origen | DO-SdBNP |
| Lengua de catalogación | spa |
| Centro/agencia transcriptor | BNPHU |
| 082 ## - NÚMERO DE LA CLASIFICACIÓN DECIMAL DEWEY | |
| Número de clasificación | R709 |
| Número de documento/Ítem | P634h, 1966 |
| 100 1# - ENTRADA PRINCIPAL--NOMBRE DE PERSONA | |
| Nombre de persona | Pijoán Soteras, José |
| Fechas asociadas al nombre | 1881-1963 |
| 9 (RLIN) | 69402 |
| 245 10 - MENCIÓN DE TÍTULO | |
| Título | Historia del arte. / |
| Mención de responsabilidad, etc. | José Pijoán Soteras. |
| 250 ## - MENCIÓN DE EDICIÓN | |
| Mención de edición | 9a. ed. |
| 260 ## - PUBLICACIÓN, DISTRIBUCIÓN, ETC. | |
| Lugar de publicación, distribución, etc. | Barcelona : |
| Nombre del editor, distribuidor, etc. | Salvat, |
| Fecha de publicación, distribución, etc. | 1966. |
| 300 ## - DESCRIPCIÓN FÍSICA | |
| Extensión | v. : |
| Otras características físicas | retrs. ; |
| Dimensiones | 26 cm. |
| 500 ## - NOTA GENERAL | |
| Nota general | La biblioteca posee el volumen 2 y 3. |
| 500 ## - NOTA GENERAL | |
| Nota general | Perteneció a la biblioteca personal de Aída Cartagena Portalatín. |
| 650 #4 - PUNTO DE ACCESO ADICIONAL DE MATERIA--TÉRMINO DE MATERIA | |
| Término de materia o nombre geográfico como elemento de entrada | Arte |
| Subdivisión general | Historia |
| 9 (RLIN) | 983 |
| 910 ## - DATOS DE OPCIÓN DEL USUARIO (OCLC) | |
| Datos de opción del usuario | Validado. Control de calidad MFF |
| Estado de retiro | Estado de pérdida | Restricciones de uso | No para préstamo | Código de colección | Localización permanente | Ubicación/localización actual | Ubicación en estantería | Fecha de adquisición | Número de inventario | Total de préstamos | Signatura topográfica completa | Código de barras | Fecha visto por última vez | Precio válido a partir de | Tipo de ítem Koha | Nota pública |
|---|---|---|---|---|---|---|---|---|---|---|---|---|---|---|---|---|
| Préstamo en sala | Excluido de préstamo | Dominicana de Servicio | Biblioteca Nacional Pedro Henríquez Ureña | Biblioteca Nacional Pedro Henríquez Ureña | Depósito | 26.11.2013 | LF1 | v. 2 | 42334-10 | 25.06.2020 | 25.06.2020 | Préstamo en sala | Perteneció a la biblioteca personal de Aída Cartagena Portalatín. | |||
| Préstamo en sala | Excluido de préstamo | Dominicana de Servicio | Biblioteca Nacional Pedro Henríquez Ureña | Biblioteca Nacional Pedro Henríquez Ureña | Depósito | 26.11.2013 | LF1 | v. 3 | 42334-20 | 25.06.2020 | 25.06.2020 | Préstamo en sala | Perteneció a la biblioteca personal de Aída Cartagena Portalatín. |
